000 00741nam a2200229 a 4500
005 20260310064152.0
008 991125s1994 es 000 0 spa u
020 _a8424159039
035 _aUPN01000001817
049 _aI
050 4 _aTX355
_aV4.38
100 1 _aVentura, Piero
245 1 4 _aLos alimentos :
_bla evolución de los alimentos a través del tiempo /
_cPiero Ventura ; colab. Max Casalini ... [et al.].
260 _aMadrid :
_bEverest,
_c1994.
300 _a64 p. :
_bprincipalmente il.
440 0 _aHistoria ilustrada de la humanidad
500 _a"Traducción: EUROTEX"
650 4 _aALIMENTOS -
_xABASTECIMIENTO
_92218
650 4 _aAlimentos
_xHistoria
_92278
700 1 _aCasalini, Max,
_ecolab.
905 _aInfantil
999 _c1817
_d1817